Consejería en la detección de VPH como prueba de tamizaje de cáncer cervical: un estudio cualitativo sobre necesidades de mujeres de Michoacán, México /
Salvato in:
| Autore principale: | |
|---|---|
| Altri autori: | , |
| Natura: | testo |
| Tags: |
Aggiungi Tag
Nessun Tag, puoi essere il primo ad aggiungerne!!
|
MARC
| LEADER | 00000 a a2200000 04500 | ||
|---|---|---|---|
| 001 | 47550 | ||
| 003 | |||
| 040 | |||
| 100 | |a León-Maldonado, Leith | ||
| 245 | |a Consejería en la detección de VPH como prueba de tamizaje de cáncer cervical: |b un estudio cualitativo sobre necesidades de mujeres de Michoacán, México / |c Leith León-Maldonado, Betania Allen-Leigh, Eduardo Lazcano-Ponce | ||
| 700 | |a Allen-Leigh, Betania | ||
| 700 | |a Lazcano-Ponce, Eduardo | ||
| 773 | |g volumen56, número5, (2014), páginas 519-527 | ||
| 999 | |c 30841 |d 30841 | ||
